000 00393nam a2200157Ia 4500
008 210716s1992 xx 000 0 und d
020 _a818561461X
041 _aeng
082 _a004 BOOD
100 _aBooth Dexter J.
245 _aComputer studies.
250 _a1
260 _aAllahabad
_bWheeler Publishing
_c1992
300 _a367
650 _aData processing, Computer science(004)
999 _c182240
_d182240